00474nam a2200145Ia 4500008004100000082001900041100002100060245007700081250001600158260001600174300001000190942001200200999001900212952009700231210430s9999 xx 000 0 und d a660.2815 S639P aSmith, Carlos A. aPrinciples and practice of automatic process control /cSmith, Carlos A. a3rd edition bWileyc2006 a562p. cBK2ddc c565358d565358 00104070aSCMEbSCMEd0000-00-00l0o660.2815 S639PpSCME-4677r2021-04-30w2021-04-30yBK